LEADER 02229nam0 22004213i 450 001 VAN00220170 005 20240806101256.861 017 70$2N$a9789811509322 100 $a20211001d2019 |0itac50 ba 101 $aeng 102 $aSG 105 $a|||| ||||| 200 1 $aSearch for New Phenomena in Top-Antitop Quarks Final States with Additional Heavy-Flavour Jets with the ATLAS Detector$eDoctoral Thesis accepted by Tokyo Institute of Technology, Tokyo, Japan$fDaiki Yamaguchi 210 $aSingapore$cSpringer$d2019 215 $axviii, 279 p.$cill.$d24 cm 410 1$1001VAN00104193$12001 $aSpringer theses$erecognizing outstanding Ph.D. research$1210 $aBerlin$cSpringer$d2010- 500 1$3VAN00220175$aSearch for New Phenomena in Top-Antitop Quarks Final States with Additional Heavy-Flavour Jets with the ATLAS Detector$91873781 606 $a81Txx$xQuantum field theory; related classical field theories [MSC 2020]$3VANC027580$2MF 606 $a81V35$xNuclear physics [MSC 2020]$3VANC023270$2MF 606 $a81V45$xAtomic physics [MSC 2020]$3VANC023266$2MF 610 $aATLAS Experiment at LHC$9KW:K 610 $aCollisions Detected in ATLAS$9KW:K 610 $aFour-Top-Quark Production$9KW:K 610 $aOverview of the SM and BSM$9KW:K 610 $aParticle Production in PP$9KW:K 610 $aUniversal Extra Dimension on the Real Projective Plane$9KW:K 610 $aVector-Like Quarks$9KW:K 620 $aSG$dSingapore$3VANL000061 700 1$aYamaguchi$bDaiki$3VANV186870$0839019 712 $aSpringer $3VANV108073$4650 801 $aIT$bSOL$c20241115$gRICA 856 4 $uhttp://doi.org/10.1007/978-981-15-0932-2$zE-book ? Accesso al full-text attraverso riconoscimento IP di Ateneo, proxy e/o Shibboleth 899 $aBIBLIOTECA DEL DIPARTIMENTO DI MATEMATICA E FISICA$1IT-CE0120$2VAN08 912 $fN 912 $aVAN00220170 950 $aBIBLIOTECA DEL DIPARTIMENTO DI MATEMATICA E FISICA$d08DLOAD e-book 4113 $e08eMF4113 20211001 996 $aSearch for New Phenomena in Top-Antitop Quarks Final States with Additional Heavy-Flavour Jets with the ATLAS Detector$91873781 997 $aUNICAMPANIA LEADER 01649nam0 2200397 i 450 001 VAN00125035 005 20251031100732.289 017 70$2N$a9783319743073 100 $a20191029d2018 |0itac50 ba 101 $aeng 102 $aCH 105 $a|||| ||||| 200 1 $aˆThe ‰Laplace Equation$eBoundary Value Problems on Bounded and Unbounded Lipschitz Domains$fDagmar Medková 210 $aCham$cSpringer$d2018 215 $axiv, 660 p.$d24 cm 500 1$3VAN00236542$aˆThe ‰Laplace Equation$91563802 606 $a31-XX$xPotential theory [MSC 2020]$3VANC019781$2MF 606 $a35Jxx$xElliptic equations and elliptic systems [MSC 2020]$3VANC022717$2MF 610 $aDerivative Oblique Problem$9KW:K 610 $aDirichlet problem$9KW:K 610 $aNeumann Problem$9KW:K 610 $aPartial Differential Equations$9KW:K 610 $aPoisson Equation$9KW:K 610 $aRobin Problem$9KW:K 610 $aTransmission problems$9KW:K 620 $aCH$dCham$3VANL001889 700 1$aMedková$bDagmar$3VANV096488$0767916 712 $aSpringer $3VANV108073$4650 801 $aIT$bSOL$c20251107$gRICA 856 4 $uhttp://doi.org/10.1007/978-3-319-74307-3$zE-book ? Accesso al full-text attraverso riconoscimento IP di Ateneo, proxy e/o Shibboleth 899 $aBIBLIOTECA DEL DIPARTIMENTO DI MATEMATICA E FISICA$1IT-CE0120$2VAN08 912 $fN 912 $aVAN00125035 950 $aBIBLIOTECA DEL DIPARTIMENTO DI MATEMATICA E FISICA$d08DLOAD e-book 1412 $e08eMF1412 20191029 996 $aLaplace Equation$91563802 997 $aUNICAMPANIA